John Milton Bibliography - Statistics

General Stats
  • This quiz has been taken 25 times
  • The average score is 4 of 37
Answer Stats
Type Year Name % Correct
Poem 1667 Paradise Lost
100%
Poem 1671 Paradise Regained
75%
Play 1671 Samson Agonistes
56%
Essay 1644 Areopagitica; A speech of Mr. John Milton for the Liberty of Unlicenc’d Printing, to the Parlament of England
50%
Masque 1634 Comus (A Mask Presented at Ludlow Castle, 1634)
38%
Poem 1638 Lycidas
31%
Poem 1631 L'Allegro
19%
Poem 1631 Il Penseroso
13%
Non-Fiction Book 1649 The Tenure of Kings and Magistrates
13%
Pamphlet 1641 Animadversions
6%
Manuscript 1825 De Doctrina Christiana
6%
Non-Fiction Book 1649 Eikonoklastes
6%
Essay 1645 Tetrachordon
6%
Unfinished Prose Work 1670 The History of Britain, that Part especially now called England; from the first traditional Beginning, continued to the Norman Conquest. Collected out of the antientest and best Authours thereof
6%
Non-Fiction Book 1682 A brief History of Moscovia, and other less known Countries lying Eastward of Russia as far as Cathay, gathered from the writings of several Eye-witnesses
0%
Pamphlet 1669 Accedence Commenced Grammar
0%
Pamphlet 1642 Apology for Smectymnuus
0%
Pamphlet 1672 Artis logicae plenior institutio
0%
Essay 1659 A Treatise of Civil Power
0%
Essay 1645 Colasterion
0%
Pamphlet 1651 Defensio pro Populo Anglicano
0%
Pamphlet 1654 Defensio Secunda
0%
Pamphlet 1674 Epistolae Familiaries
0%
Essay 1644 Judgement of Martin Bucer Concerning Divorce
0%
Poetry Collection 1645 Milton's 1645 Poems
0%
Pamphlet 1644 Of Education
0%
Pamphlet 1641 Of Prelatical Episcopacy
0%
Pamphlet 1641 Of Reformation of Church-Discipline in England
0%
Pamphlet 1673 Of True Religion, Heresy, Schism, Toleration; and what best means may be used against the Growth of Popery
0%
Poem 1655 On the Late Massacre in Piedmont
0%
Poetry Collection 1673 Poems etc. on several occasions by Mr John Milton, both English and Latin, composed at several times, etc.
0%
Pamphlet 1674 Prolusiones
0%
Essay 1643 The Doctrine and Discipline of Divorce: Restor'd to the Good of Both Sexes, From the Bondage of Canon Law
0%
Pamphlet 1659 The Likeliest Means to Remove Hirelings from the Church
0%
Pamphlet 1660 The Ready and Easy Way to Establish a Free Commonwealth
0%
Essay 1642 The Reason of Church-Government Urged against Prelaty
0%
Poem 1652 When I Consider How My Light is Spent
0%
No matching quizzes found
Score Distribution
Percent of People with Each Score
Percentile by Number Answered
Your Score History
You have not taken this quiz